| 000 | 00648nam a2200205 u 4500 | ||
|---|---|---|---|
| 001 | 000034595 | ||
| 005 | 20200930073804.0 | ||
| 008 | 111010s2004 ag 000 0 spa d | ||
| 020 | _a9875504629 | ||
| 040 |
_aDO-SdBNP _bspa _cBNPHU |
||
| 082 |
_axxxx _bxxxx |
||
| 100 | 1 |
_aHernández, José _960035 |
|
| 245 | 1 | 0 |
_aMartín Fierro / _cJosé Hernández ; editora Diana Blumenfeld ; prólogo Marcos Mayer. |
| 260 |
_aBuenos Aires, : _bLongseller, _c2004. |
||
| 300 |
_a325 p. ; _c18 cm. |
||
| 490 | 1 | _aClásicos de siempre | |
| 700 | 1 |
_aBlumenfeld, Diana, _eed. _960023 |
|
| 700 | 1 |
_aMayer, Mayer, _eed _960036 |
|
| 830 | 0 |
_aClásicos de siempre _960025 |
|
| 999 |
_c34086 _d34086 |
||